000 00317nam a2200133Ia 4500
008 150201s2008 xx 000 0 und d
082 _a615
_bE08T
100 _aTYAGI,AMAR
245 _aENCYCLOPEDIC DICTIONARY OF PHARMACY
250 _a1ST
260 _bAITBS
_aDELHI
_c2008
650 _aPHARMACOLOGY
942 _2ddc
_cBK
999 _c770
_d770